| 000 | 00895pam a2200277 i 4500 | ||
|---|---|---|---|
| 001 | 016488741 | ||
| 003 | OSt | ||
| 005 | 20161207144516.0 | ||
| 008 | 130725t2014 enka frb 001 0 eng d | ||
| 020 | _a9780273793229 | ||
| 020 | _a0273793225 | ||
| 040 |
_aStDuBDS _beng _cStDuBDS _dUkOxU _dUk _dEG-ScBUE |
||
| 082 | 0 | 4 |
_a658.002462 _222 _bMOR |
| 100 | 1 | _aMorse, Lucy C. | |
| 245 | 1 | 0 |
_aManaging engineering and technology / _cLucy C. Morse, Daniel L. Babcock. |
| 250 | _a6th ed., Pearson International ed. | ||
| 260 |
_aHarlow : _bPearson Education Limited, _cc.2014. |
||
| 300 |
_a505 p. : _bill. ; _c23 cm. |
||
| 504 | _aIncludes bibliographical references and index. | ||
| 650 | 7 |
_aEngineering _xManagement _vTextbooks. _2BUEsh |
|
| 650 | 7 |
_aTechnology _xManagement _vTextbooks. _2BUEsh |
|
| 651 | _2BUEsh | ||
| 653 |
_bENGGEN _cDecember2016 |
||
| 700 | 1 | _aBabcock, Daniel L. | |
| 942 | _2ddc | ||
| 999 |
_c23479 _d23451 |
||